000 01250nam a2200277 i 4500
001 86273
003 ES-MaACL
005 20230906175418.0
007 t|
008 041221s1999 sp ||||1| spa d
080 _a7:069(747 N.Y.)
080 _a7:069(749 N.J.)
080 _a7:069(753 W.)
245 0 4 _aLas obras maestras de las instituciones americanas [
_hRecurso electrónico].
260 _a[Madrid] :
_bActa,
_c[1999]
300 _a1 disco compacto (CD-ROM) :
_bson., col. ;
_c12 cm.
490 1 _aGrandes tesoros del arte mundial ;
_v12
500 _aCaracterísticas del sistema: 486 DX o superior; Windows 3.1 o Windows 95; 8 Mb de memoria RAM; 3 Mb disponibles en el disco duro; pantalla 640 x 48s480, 32000 colores mínimo; lector de CD-Rom de doble velocidad; tarjeta Sound Blaster o compatible; Microsoft Mouse o compatible; altavoces o auriculares; ratón compatible Microsoft Windows.
500 _a"La Vanguardia", "Argentaria"
610 2 7 _aPierpont Morgan Library-
_vCD-ROM.
_96221
610 2 7 _aNewark Museum-
_vCD-ROM.
_95992
610 2 _aNational Portrait Gallery (Washington)-
_vCD-ROM.
_95973
830 0 _aGrandes tesoros del arte mundial ;
_v12
_9183942
852 _aES-MaACL
_jROT 1/6/22
999 _c86273
_d86273